000 02181nam0a2200469 4500
001 RU\NLR\bibl\1166932
005 20260405200843.0
010 _a5-222-08942-8
_bв пер.
_95000
021 _aRU
_b2007-76051
_94089
035 _aROSTOV\BIBL\0000025118
035 _a(nilc)EL/0000127819
035 _a(NLR Aleph) 001153641
090 _a1493383
_c1493383
100 _a20070504d2006 |||y0rusy50 ca
101 0 _arus
102 _aRU
105 _aa j |||||
200 1 _aТесты по биологии
_eпособие для учащихся и абитуриентов
_fЛ.А. Гребеник, М.А. Солодилова, Н.В. Иванова, В.Н. Рыжаева
_gпод ред. В.П. Иванова
210 _aРостов-на-Дону
_cФеникс
_d2006
215 _a191 с.
_cил.
_d21
225 1 _aСерия "Абитуриент"
320 _aБиблиогр.: с. 190 (5 назв.)
606 _aБиология
_jУчебные издания для средней школы
_xЗнания
_xОценка
_xТесты
_9987193
_3RU\NLR\auth\66372387
610 0 _aБотаника
610 0 _aЗоология
610 0 _aАнатомия человека
610 0 _aФизиология человека
610 0 _aОбщая биология
610 0 _aТесты
610 0 _aУчебные издания
686 _a28.0я72
_vLBC/RL
_2rubbk
701 1 _4070
_aГребеник
_bЛ. А.
_gЛеонид Андреевич
_9137340
_3RU\NLR\AUTH\770137375
701 1 _4070
_aСолодилова
_bМ. А.
_gМария Андреевна
_9137171
_3RU\NLR\AUTH\770137206
701 1 _4070
_7ca
_8rus
_aИванова
_bН. В.
_cканд. мед. наук, генетика
_gНаталья Васильевна
_971373
_3RU\NLR\AUTH\7788445
701 1 _4070
_aРыжаева
_bВ. Н.
_gВалентина Николаевна
_9137150
_3RU\NLR\AUTH\770137185
801 0 _aRU
_bДонская ГПБ
_c20070504
_gRCR
801 1 _aRU
_bДонская ГПБ
_c20070504
_2rusmarc
801 2 _aRU
_bNLR
_c20071213
_grcr
830 _aБиблиограф Пальчикова
942 _cBOOK
980 _aNB